Between assertion and victimhood: Upper-caste discontent and the protests against UGC equity regulations (Record no. 533255)

000 -LEADER
fixed length control field 01221nam a22001337a 4500
008 - FIXED-LENGTH DATA ELEMENTS--GENERAL INFORMATION
fixed length control field 260505b ||||| |||| 00| 0 eng d
100 ## - MAIN ENTRY--PERSONAL NAME
Personal name Sunilraj, Balu and Borah, Prithiraj
245 ## - TITLE STATEMENT
Title Between assertion and victimhood: Upper-caste discontent and the protests against UGC equity regulations
260 ## - PUBLICATION, DISTRIBUTION, ETC. (IMPRINT)
Place of publication, distribution, etc Economic & Political Weekly
300 ## - PHYSICAL DESCRIPTION
Extent 61(16), Apr 18, 2026: p.35-40
520 ## - SUMMARY, ETC.
Summary, etc Focusing on the protests and debates against the recent University Grants Commission (Promotion of Equity in Higher Education Institutions) Regulations, 2026, the article examines how upper-caste common sense manifests as both assertion and victimhood when caste-based policies challenge entrenched exclusions and hierarchies. Recent protests have displayed an unabashed upper-caste assertion in public space, not merely through claims of victimhood but also through open sloganeering such as Brahmanvad Zindabad. This marks a qualitative shift in upper-caste politics, one in which the earlier “cloaks of civility” appear to have been discarded. –Reproduced

https://www.epw.in/journal/2026/16/perspectives/between-assertion-and-victimhood.html
773 ## - HOST ITEM ENTRY
Main entry heading Economic & Political Weekly
942 ## - ADDED ENTRY ELEMENTS (KOHA)
Item type Articles
Holdings
Withdrawn status Lost status Source of classification or shelving scheme Damaged status Not for loan Permanent location Current location Date acquired Serial Enumeration / chronology Barcode Date last seen Koha item type
          Indian Institute of Public Administration Indian Institute of Public Administration 2026-05-05 61(16), Apr 18, 2026: p.35-40 AR138767 2026-05-05 Articles

Powered by Koha